Normal view
MARC view
- SUPERVISOR Dr. Muhammad Salman Co-Supervisor Dr. Muhammad Usman Akram
Entry Personal Name
001 - CONTROL NUMBER
- control field: 70568
003 - CONTROL NUMBER IDENTIFIER
- control field: NUST
005 - DATE AND TIME OF LATEST TRANSACTION
- control field: 20210628204519.0
008 - FIXED-LENGTH DATA ELEMENTS
- fixed length control field: 210628|| aca||aabn | a|a d
040 ## - CATALOGING SOURCE
- Original cataloging agency: NUST
- Transcribing agency: NUST
100 ## - HEADING--PERSONAL NAME
- Personal name: SUPERVISOR Dr. Muhammad Salman Co-Supervisor Dr. Muhammad Usman Akram
670 ## - SOURCE DATA FOUND
- Source citation: Work cat.: (NUST): Samra Irshad 70566, TH-SOF-1084-Development of a system for Automatic Detection and Diagnosis of an Eye Disease Hypertensive Retinopathy, 2014
